| 000 | 00711cam a22002657a 4500 | ||
|---|---|---|---|
| 001 | 14785135 | ||
| 003 | OSt | ||
| 005 | 20250901165808.0 | ||
| 008 | 070327s2006 ke 000 0 swa | ||
| 010 | _a 2007380378 | ||
| 020 | _a996677307X | ||
| 040 |
_aDLC _cDLC |
||
| 042 | _alcode | ||
| 050 | 0 | 0 | _aPL 8704 .W36 2006 |
| 100 | 1 | _aWamitila, K. W. | |
| 245 | 1 | 0 |
_aSumu ya bafe / _cK.W. Wamitila. |
| 260 |
_aNairobi, Kenya : _bVide-Muwa Publishers, _c2006. |
||
| 300 |
_a43 p. ; _c21 cm. |
||
| 490 | 0 |
_aVito vya fasihi ; _vS7 |
|
| 520 | _aA play. | ||
| 546 | _aIn Swahili. | ||
| 906 |
_a7 _bcbc _corigode _d3 _encip _f20 _gy-gencatlg |
||
| 942 |
_2lcc _cBK |
||
| 999 |
_c9340 _d9340 |
||